[Event "SWE-chB"]
[Site "Ronneby"]
[Date "2018.06.30"]
[Round "1"]
[White "Landgren, Andreas"]
[Black "Malmstig, Erik"]
[Result "1-0"]
[WhiteElo "2278"]
[BlackElo "2336"]
[PlyCount "78"]
[EventDate "2018.06.30"]
[EventType "tourn"]
[EventRounds "9"]
[EventCountry "SWE"]
[EventCategory "3"]
[SourceTitle "CBM 185 Extra"]
[Source "ChessBase"]
[SourceDate "2018.07.29"]
[SourceVersion "1"]
[SourceVersionDate "2018.07.29"]
[SourceQuality "1"]

1. d4 Nf6 2. c4 c5 3. d5 e6 4. Nc3 exd5 5. cxd5 d6 6. Nf3 g6 7. h3 Bg7 8. e4 0-0 9. Bd3 a6 10. a4 Re8 11. 0-0 c4 12. Bc2 Nbd7 13. Re1 Qc7 14. Be3 Nh5 15. Qe2 Ne5 16. Nd2 Bd7 17. g4 Nf6 18. f4 Nd3 19. Bxd3 cxd3 20. Qxd3 Rac8 21. Bd4 Qa5 22. Bf2 Qb4 23. Ra3 Nxg4 24. hxg4 Qxb2 25. Nd1 Qb4 26. Ne3 Bd4 27. Rb1 Qc5 28. Nf3 Bc3 29. Nc2 Qc7 30. Bb6 Qc4 31. Qxc4 Rxc4 32. Ne3 Rcc8 33. Rc1 Bb4 34. Rxc8 Bxc8 35. Rb3 Rxe4 36. Ng5 Rxf4 37. Nh3 Re4 38. Nf2 Rf4 39. Nd3 Re4 1-0

[Event "SWE-chT 1718 Superettan"]
[Site "Sweden"]
[Date "2018.02.25"]
[Round "5"]
[White "Landgren, Andreas"]
[Black "Wester, Fredrik"]
[Result "1-0"]
[WhiteElo "2275"]
[BlackElo "1954"]
[PlyCount "47"]
[EventDate "2017.10.20"]
[EventType "team-tourn"]
[EventRounds "9"]
[EventCountry "SWE"]
[SourceTitle "EXT 2019"]
[Source "ChessBase"]
[SourceDate "2018.10.10"]
[SourceVersion "1"]
[SourceVersionDate "2018.10.10"]
[SourceQuality "1"]
[WhiteTeam "Vasteras"]
[BlackTeam "Norrkoping Schack 08"]
[WhiteTeamCountry "SWE"]
[BlackTeamCountry "SWE"]

1. d4 Nf6 2. c4 e6 3. Nc3 Bb4 4. Qc2 0-0 5. a3 Bxc3+ 6. Qxc3 d5 7. Nf3 Nbd7 8. Bg5 h6 9. Bh4 g5 10. Bg3 Ne4 11. Qc2 c6 12. e3 f5 13. Bd3 Ndf6 14. Ne5 Kg7 15. f3 Nxg3 16. hxg3 Nd7 17. 0-0-0 Qa5 18. f4 Nxe5 19. fxe5 Bd7 20. g4 dxc4 21. Bxc4 c5 22. gxf5 Rxf5 23. g4 Rff8 24. Rxh6 1-0

[Event "SWE Cup"]
[Site "Sweden"]
[Date "2017.03.05"]
[Round "5.4"]
[White "Nikolic, Vladan"]
[Black "Landgren, Andreas"]
[Result "1/2-1/2"]
[WhiteElo "2056"]
[BlackElo "2229"]
[PlyCount "32"]
[EventDate "2017.01.14"]
[EventType "team-tourn"]
[EventRounds "9"]
[EventCountry "SWE"]
[SourceTitle "EXT 2018"]
[Source "ChessBase"]
[SourceDate "2017.10.13"]
[SourceVersion "1"]
[SourceVersionDate "2017.10.13"]
[SourceQuality "1"]
[WhiteTeam "Stockholm Rockaden II"]
[BlackTeam "Vasteras"]
[WhiteTeamCountry "SWE"]
[BlackTeamCountry "SWE"]

1. d4 d5 2. c4 e6 3. Nf3 c6 4. e3 Nf6 5. Bd3 Nbd7 6. b3 Bd6 7. Bb2 b6 8. Nbd2 Bb7 9. 0-0 0-0 10. Qe2 Qe7 11. e4 dxe4 12. Nxe4 Nxe4 13. Qxe4 f5 14. Qe2 c5 15. Rfe1 Rae8 16. Rad1 cxd4 1/2-1/2

[Event "SWE Cup"]
[Site "Sweden"]
[Date "2017.01.14"]
[Round "4.4"]
[White "Landgren, Andreas"]
[Black "Cederberg, Karl Olof"]
[Result "1-0"]
[WhiteElo "2229"]
[BlackElo "2204"]
[PlyCount "101"]
[EventDate "2017.01.14"]
[EventType "team-tourn"]
[EventRounds "9"]
[EventCountry "SWE"]
[SourceTitle "EXT 2018"]
[Source "ChessBase"]
[SourceDate "2017.10.13"]
[SourceVersion "1"]
[SourceVersionDate "2017.10.13"]
[SourceQuality "1"]
[WhiteTeam "Vasteras"]
[BlackTeam "Upsala"]
[WhiteTeamCountry "SWE"]
[BlackTeamCountry "SWE"]

1. d4 Nf6 2. c4 e5 3. dxe5 Ne4 4. a3 b6 5. Nf3 Bb7 6. Nbd2 a5 7. Qc2 Nc5 8. b3 d6 9. Bb2 dxe5 10. Bxe5 Nc6 11. Bb2 Qd7 12. e3 0-0-0 13. 0-0-0 f6 14. Be2 Bd6 15. h3 Kb8 16. Kb1 Qf7 17. Nd4 Rhe8 18. Nxc6+ Bxc6 19. Bf3 Bxf3 20. Nxf3 Ne4 21. Nd4 Rd7 22. f3 Nc5 23. Rhe1 g6 24. g4 Kb7 25. Nb5 Be5 26. Rxd7 Qxd7 27. Rd1 Qe7 28. Bd4 c6 29. Bxe5 cxb5 30. Bd4 bxc4 31. Qxc4 Rc8 32. Qb5 Qe6 33. Bxc5 Rxc5 34. Qd7+ Qxd7 35. Rxd7+ Ka6 36. Kb2 Re5 37. e4 h5 38. Kc3 hxg4 39. hxg4 Rc5+ 40. Kd3 f5 41. gxf5 gxf5 42. Rd5 fxe4+ 43. Kxe4 Rc3 44. Rd3 Rc8 45. f4 Re8+ 46. Kf5 Kb5 47. Kg6 Re1 48. f5 a4 49. bxa4+ Kxa4 50. f6 b5 51. Rg3 1-0

[Event "Vasteras op"]
[Site "Vasteras"]
[Date "2016.09.23"]
[Round "4"]
[White "Cramling, Pia"]
[Black "Landgren, Andreas"]
[Result "1/2-1/2"]
[WhiteElo "2444"]
[BlackElo "2229"]
[PlyCount "75"]
[EventDate "2016.09.23"]
[EventType "swiss"]
[EventRounds "8"]
[EventCountry "SWE"]
[SourceTitle "CBM 174 Extra"]
[Source "ChessBase"]
[SourceDate "2016.10.10"]
[SourceVersion "1"]
[SourceVersionDate "2016.10.10"]
[SourceQuality "1"]

1. Nf3 d5 2. d4 e6 3. g3 Nf6 4. Bg2 c5 5. 0-0 Nc6 6. c4 dxc4 7. dxc5 Qxd1 8. Rxd1 Bxc5 9. Nbd2 c3 10. bxc3 0-0 11. Nb3 Be7 12. c4 e5 13. Bb2 Nd7 14. Rac1 f6 15. c5 Ndb8 16. Nfd2 Be6 17. Ne4 a5 18. Nd6 a4 19. Nd2 a3 20. Ba1 Bxd6 21. cxd6 Bxa2 22. Nc4 Rd8 23. Rd2 Bxc4 24. Rxc4 Ra6 25. f4 b5 26. Rc5 exf4 27. Rxb5 fxg3 28. hxg3 Ne5 29. Bxe5 fxe5 30. Rxe5 Raxd6 31. Rxd6 Rxd6 32. Kf2 Kf8 33. Rb5 Nd7 34. Ra5 Rf6+ 35. Bf3 Ke7 36. Kg2 Rd6 37. Rxa3 Ne5 38. Ra7+ 1/2-1/2

[Event "SWE-chB"]
[Site "Uppsala"]
[Date "2016.07.21"]
[Round "6"]
[White "Landgren, Andreas"]
[Black "Thorn, Eric"]
[Result "1-0"]
[WhiteElo "2240"]
[BlackElo "2324"]
[PlyCount "53"]
[EventDate "2016.07.16"]
[EventType "tourn"]
[EventRounds "9"]
[EventCountry "SWE"]
[EventCategory "3"]
[SourceTitle "CBM 173 Extra"]
[Source "ChessBase"]
[SourceDate "2016.08.29"]
[SourceVersion "1"]
[SourceVersionDate "2016.08.29"]
[SourceQuality "1"]

1. d4 Nf6 2. c4 e6 3. Nc3 Bb4 4. Qc2 0-0 5. a3 Bxc3+ 6. Qxc3 d5 7. Nf3 dxc4 8. Qxc4 b6 9. Bg5 Ba6 10. Qa4 Qd7 11. Qc2 c5 12. Bxf6 gxf6 13. Rd1 Rc8 14. dxc5 Qe7 15. e3 Bxf1 16. Kxf1 Qb7 17. h4 Rxc5 18. Rd8+ Kg7 19. h5 f5 20. h6+ Kf6 21. Qa4 Rc1+ 22. Ne1 Nc6 23. Qh4+ Ke5 24. f4+ Ke4 25. Rd2 Rg8 26. Qh3 Qa6+ 27. Kf2 1-0

[Event "SWE-chB"]
[Site "Uppsala"]
[Date "2016.07.20"]
[Round "5"]
[White "Lind, Jan Olov"]
[Black "Landgren, Andreas"]
[Result "1-0"]
[WhiteElo "2223"]
[BlackElo "2240"]
[PlyCount "79"]
[EventDate "2016.07.16"]
[EventType "tourn"]
[EventRounds "9"]
[EventCountry "SWE"]
[EventCategory "3"]
[SourceTitle "CBM 173 Extra"]
[Source "ChessBase"]
[SourceDate "2016.08.29"]
[SourceVersion "1"]
[SourceVersionDate "2016.08.29"]
[SourceQuality "1"]

1. e4 c5 2. Be2 Nc6 3. f4 g6 4. Nf3 Bg7 5. 0-0 e6 6. c3 d5 7. d3 Nge7 8. Na3 0-0 9. e5 f5 10. d4 cxd4 11. cxd4 Bd7 12. Nb5 Qb6 13. Nc3 Na5 14. Kh1 Rfc8 15. Na4 Bxa4 16. Qxa4 h6 17. Qd1 Nac6 18. b3 Rc7 19. Ba3 Nb4 20. Bd3 Rac8 21. Qd2 a5 22. Rac1 Nec6 23. Bb1 Bf8 24. Bb2 Be7 25. Rg1 Kf7 26. g4 Na7 27. Rxc7 Rxc7 28. Qg2 Rc8 29. gxf5 exf5 30. e6+ Qxe6 31. Ne5+ Ke8 32. Qh3 Qa6 33. Rxg6 Qe2 34. Rg8+ Bf8 35. Rxf8+ Ke7 36. Qh4+ Kd6 37. Qf6+ Kc7 38. Rf7+ Kb8 39. Nd7+ Ka8 40. Nb6+ 1-0

[Event "SWE-chB"]
[Site "Uppsala"]
[Date "2016.07.17"]
[Round "2"]
[White "Logdahl, Harald"]
[Black "Landgren, Andreas"]
[Result "1-0"]
[WhiteElo "2252"]
[BlackElo "2240"]
[PlyCount "73"]
[EventDate "2016.07.16"]
[EventType "tourn"]
[EventRounds "9"]
[EventCountry "SWE"]
[EventCategory "3"]
[SourceTitle "CBM 173 Extra"]
[Source "ChessBase"]
[SourceDate "2016.08.29"]
[SourceVersion "1"]
[SourceVersionDate "2016.08.29"]
[SourceQuality "1"]

1. e4 c5 2. Nc3 Nc6 3. Bb5 Nd4 4. Nf3 Nxb5 5. Nxb5 a6 6. Nc3 d6 7. d4 cxd4 8. Qxd4 e5 9. Qd3 h6 10. Nd2 Be6 11. Nf1 Nf6 12. Ne3 Be7 13. Bd2 Rc8 14. 0-0-0 Qc7 15. Kb1 b5 16. Ncd5 Nxd5 17. exd5 Bd7 18. Qa3 0-0 19. Ba5 Qb7 20. g4 f5 21. gxf5 Bxf5 22. Nxf5 Rxf5 23. Rhg1 Rcf8 24. Bd2 Kh8 25. Be3 R8f6 26. Qd3 Bd8 27. Qc3 Bb6 28. Qc6 Qxc6 29. dxc6 Bc7 30. Rd5 Kh7 31. a4 bxa4 32. Rg4 a5 33. Rxa4 Rf8 34. Rb5 Rc8 35. Rb7 Bd8 36. Rd7 Bc7 37. Rg4 1-0

[Event "SWE-chB"]
[Site "Uppsala"]
[Date "2016.07.16"]
[Round "1"]
[White "Landgren, Andreas"]
[Black "Akesson, Ralf"]
[Result "1/2-1/2"]
[WhiteElo "2240"]
[BlackElo "2445"]
[PlyCount "88"]
[EventDate "2016.07.16"]
[EventType "tourn"]
[EventRounds "9"]
[EventCountry "SWE"]
[EventCategory "3"]
[SourceTitle "CBM 173 Extra"]
[Source "ChessBase"]
[SourceDate "2016.08.29"]
[SourceVersion "1"]
[SourceVersionDate "2016.08.29"]
[SourceQuality "1"]

1. d4 Nf6 2. c4 e6 3. Nc3 Bb4 4. Qc2 0-0 5. a3 Bxc3+ 6. Qxc3 b6 7. Bg5 Bb7 8. e3 d6 9. Ne2 Nbd7 10. Qc2 Rc8 11. Nc3 Qe7 12. Rd1 c5 13. d5 a6 14. Be2 exd5 15. Nxd5 Qe6 16. Bf3 Nxd5 17. Bxd5 Bxd5 18. Rxd5 b5 19. Qd1 Rc6 20. cxb5 axb5 21. Bf4 Nf6 22. Rd3 d5 23. 0-0 h6 24. Bg3 Rd8 25. Bh4 Qe5 26. Bxf6 Rxf6 27. Qd2 Rfd6 28. Rb3 Qe8 29. Qa5 Rb8 30. h3 c4 31. Rc3 d4 32. exd4 Rxd4 33. Re3 Qd8 34. Qxd8+ Rbxd8 35. Re5 Rb8 36. Rfe1 Kf8 37. Kf1 g6 38. R5e4 Rd3 39. R4e3 Rd2 40. R3e2 Rbd8 41. Rxd2 Rxd2 42. Re2 Rd1+ 43. Re1 Rd3 44. Re2 Rd1+ 1/2-1/2

[Event "SWE-chT 1516 Superettan"]
[Site "Sweden"]
[Date "2016.03.19"]
[Round "8"]
[White "Landgren, Andreas"]
[Black "Berovski, Krum"]
[Result "0-1"]
[WhiteElo "2253"]
[BlackElo "2316"]
[PlyCount "70"]
[EventDate "2015.11.06"]
[EventType "team-tourn"]
[EventRounds "9"]
[EventCountry "SWE"]
[SourceTitle "EXT 2018"]
[Source "ChessBase"]
[SourceDate "2017.10.13"]
[SourceVersion "1"]
[SourceVersionDate "2017.10.13"]
[SourceQuality "1"]
[WhiteTeam "Vasteras II"]
[BlackTeam "Stockholm Rockaden II"]
[WhiteTeamCountry "SWE"]
[BlackTeamCountry "SWE"]

1. d4 Nf6 2. c4 e6 3. Nc3 Bb4 4. Qc2 0-0 5. a3 Bxc3+ 6. Qxc3 b6 7. Bg5 Bb7 8. e3 d6 9. Ne2 Nbd7 10. Qc2 c5 11. Rd1 Qc7 12. Nc3 cxd4 13. Rxd4 Qc5 14. Bh4 a5 15. Qd1 d5 16. cxd5 Bxd5 17. Nxd5 exd5 18. Be2 Rac8 19. 0-0 Qc2 20. Rd2 Qf5 21. Qb3 Qe6 22. Rfd1 Nc5 23. Qa2 Nce4 24. Rd4 g5 25. Bg3 h5 26. R4d3 Rc2 27. Bf3 h4 28. Qb1 Rfc8 29. Bxe4 Nxe4 30. Bb8 Rxf2 31. Rxd5 Rcc2 32. Be5 Rxg2+ 33. Kh1 Rxh2+ 34. Bxh2 Ng3+ 35. Kg1 Qxe3# 0-1